000 00683nam a2200205Ia 4500
005 20260121110345.0
008 008 260114s9999 xx 000 0 hin d
020 _a9788132366225
037 _aEBOOK
040 _aCRL
_bhin
_cCRL
041 _ahin
_2hin
084 _qCRL
100 _aसुशील गिल / Bharat Kumar Sharma
_9945183
245 0 _aव्‍यक्ति और उसका स्‍वास्‍थ्‍य / Vyakti aur uska swasthya
260 _bभाषा प्रकाशन / Bhasha Prakashan
_c2021
856 _uhttps://bhashaprakashan.com/product-details/379479
942 _cEBOOK
999 _c1536847
_d1536847